Danske kvindelandsholdsspillere 2021 fodbold - Statistics

General Stats
  • This quiz has been taken 28 times
  • The average score is 7 of 24
Answer Stats
Hint Answer % Correct
An Pernille Harder
94%
An Nadia Nadim
78%
Mi Katrine Veje
50%
Lene Christensen
50%
Mi Sanne Troelsgaard
50%
Fo Sofie Svava
44%
An Signe Bruun
39%
An Nicoline Sørensen
28%
Fo Rikke Sevecke
28%
Fo Sara Holmgaard
28%
Fo Simone Boye
28%
Mi Sofie Junge
28%
An Caroline Møller
22%
Mi Emma Snerle
22%
Kathrine Larsen
22%
An Stine Larsen
22%
Mi Josefine Hasbo
17%
An Kathrine Kühl
17%
An Frederikke Thøgersen
11%
Fo Luna Gevitz
11%
Mi Nanna Christiansen
11%
Mi Olivia Holdt
11%
Fo Sara Thrige
11%
Katrine Svane
0%
No matching quizzes found
Score Distribution
Percent of People with Each Score
Percentile by Number Answered
Your Score History
You have not taken this quiz